02436nam a2200301 a 450000100100000000500170001000800410002702000150006804000250008308200170010824501830012526000720030830000210038049000180040150000620041950510300048159000260151165000210153770000450155870000380160370000480164183000270168991000370171695201290175395201150188295201200199799900170211700004355020240406073831.0140325s2002 dr 000 0 spa d a9993487929 aDO-SdBNPbspacBNPHU a321.8bD383s00aDemocracia en el siglo XXI :bexperiencias y desafíos de Iberoamérica /cLeonel Antonio Fernández Reyna... [et al.] ; edición Natasha Despotovich, José Rafael Lantigua. aSanto Domingo :bFundación Global Democracia y Desarrollo,c2002. a215 p. ;c23 cm.1 aDemocraciav1 aIncluye breves reseñas biográficas de los expositores0 aAlcances globales de la democracia -- La gobernabilidad democrática -- Evolución de la democracia de Iberoamérica -- La experiencia de Chile en la transición democrática -- México : el experimento democrático --República Dominicana : entre el autoritarismo y la democracia -- El Salvador : en la lucha por la democracia --Venezuela en la Era de Chávez -- América Latina : entre el atraso y el progreso -- La sociedad civil en los procesos democráticos --La naturaleza orgánica de la sociedad civil --De los medios impresos a la cultura visual --Apoyando los medios independientes en América Latina : desafíos para el futuro --El proceso de la comunicación y el rol de los medios informativos -- La crisis de confianza de los partidos políticos -- Los partidos políticos : de la crisis de la partidocracia a los nuevos modelos de representación -- Partidos políticos : "¡Basta de realidades, queremos promesas!" --La experiencia leninista de los partidos políticos en América Latina. aInventariado, 2018/LP 0aDemocracia 928612aFernández Reyna, Leonel Antonio97134212aDespotovich, Natasha,eed.97134312aLantigua, José Rafael, d1949-eed.91438 0aDemocracia ;n1971344 aValidado. Control de calidad MFF 001054708DSaGRbGRcHDd2014-03-25iLF1l0o321.8 D383sp43550-30r2020-06-25te.3w2020-06-25yLFDSZPréstamo en sala 0010718PDaPDbPDcHDd2014-03-25iLF1l0o321.8 D383sp43550-10r2020-06-25w2020-06-25yLFPDZNo se presta 0010718PDaPDbPDcHDd2014-03-25iLF1l0o321.8 D383sp43550-20r2020-06-25te.2w2020-06-25yLFPDZNo se presta c43039d43039